000 00463nam a2200193Ia 4500
005 20240823043810.0
008 240823s9999||||xx |||||||||||||| ||und||
020 _a978-81-203-2107-6
041 _aENGLISH
082 _A620.105 N8
100 _aPopov Egor P
245 0 _aEngineering Mechanics of Solids
250 _a2nd
260 _c1998
_b"PHI,New Delhi"
500 _aTRANSFERED
650 _aMechanics
_bMechanical
942 _cBK
999 _c211062
_d211062